A-Z: Sonic Vocal Songs - Statistics

General Stats
  • This quiz has been taken 12 times
  • The average score is 13 of 23
Answer Stats
Hint Answer % Correct
F Fly in the Freedom/For True Story/Follow Me/Fight the Knight/Free/Fist Bump/Fighting Onward/Fading World/Find Your Flame/Flames of Disaster
91%
I It Doesn’t Matter/I Am… All of Me/It Has Come to This/Infinite/I’m Here/I’m With You
91%
R Rhythm and Balance/Right There, Ride On/Raisin’ Me Up/Race to Win/Reach for the Stars/Run It
82%
S Sonic Boom/Super Sonic Racing/Space Trip Steps/Supporting Me/Sonic Heroes/Ska Cha Cha/Sonic Speed Riders/Sweet Dreams/Seven Rings In Hand/Speak with Your Heart/Set in Motion/Sonic Underground/Speed Me Up/Stars in the Sky
82%
E E.G.G.M.A.N/Escape from the City/Ethno Circus/Endless Possibility
73%
L Living in the City/Lazy Days/Live and Learn/Let the Speed Mend It/Live Life/Look-a-like
73%
W Work it Out/We Can/What I’m Made Of…/Waking Up/Who I Am/What U Need/Wrapped in Black/Worth a Chance/With Me/Without You
73%
A A Ghost’s Pumpkin Soup/Almost Dead/All Hail Shadow/A New Day/A New Venture/Another Passage
64%
B Back in Time/Believe in Myself/Broken/Back 2 Back/Bomber Barbara/Blue on the Run/Break Through It All/Blood Flow/Business of Danger
64%
U Unknown from M.E./Unawakening Float/Un-Gravitify/Undefeatable
64%
D Diamond in the Sky/Dive into the Mellow/Deeper/Dreams of An Absolution/Dear My Friend/Dear Father
55%
H His World/How it Started
55%
K Kick the Rock!/Knight of the Wind
55%
O Open Your Heart/One Way Dream
55%
T Theme of E-102γ/Throw It All Away/The Supernatural/This Machine/Team Chaotix/The Chosen One/The Wicked Wild/The Palace That Was Found/The White of Sky/Through the Fire/The Light of Hope
55%
M My Sweet Passion/Metal Scratchin/My Destiny/Moonlight Battlefield/Maybe If…
45%
C Cosmic Eternity - Believe in Yourself/Can You Feel the Sunshine?/Cross The Worlds/Catch Me If You Can
36%
G Get Edgy/Green Light Ride/Gotta Go Fast
36%
J Jeh Jeh Rocket/Justice
36%
N Never Turn Back/No Way Through/Nowhere to Run
36%
V Vela Nova/Virtual Enemies/Vandalize
36%
Y You Can Do Anything/You’re My Number One/You’re My Hero
36%
P Poison Spear/Plant Kingdom’s Theme
18%
No matching quizzes found
Score Distribution
Percent of People with Each Score
Percentile by Number Answered
Your Score History
You have not taken this quiz